000 00612nam a2200217Ia 4500
003 OSt
005 20230518113122.0
008 210423s2013 xx 000 0 und d
020 _a978-81-7035-813-8
040 _cAL
041 _aeng
082 _a664.8 CHAI
_223
100 _aCHAVAN (U D);PATIL (J V).
_9108035
245 _aIndustrial processing of fruits and vegetables.
260 _aNew Delhi
_bDaya Publishing House
_c2013
300 _axv,570
_bPB
365 _b2600
_cINR
650 _aFruits & Vegetables
_9108036
906 _afruits ; Industrial ; processing ; vegetables.
942 _2ddc
_cBK
999 _c165058
_d165058